| 000 | 00523nam a2200181Ia 4500 | ||
|---|---|---|---|
| 999 |
_c37151 _d37151 |
||
| 003 | OSt | ||
| 005 | 20200730135807.0 | ||
| 008 | 190216s9999||||xx |||||||||||||| ||und|| | ||
| 020 | _a9780387962368 | ||
| 040 | _coclc | ||
| 082 |
_a512.7 _bHUR/L |
||
| 100 |
_aHurwitz, Adolf _93882 |
||
| 245 | 0 |
_aLectures On Number Theory / _cAdolf Hurwitz ; Nikolaos Kritikos |
|
| 260 |
_bSpringer, _c2015. _aNew York: |
||
| 300 | _a273p | ||
| 650 | _aMathematics | ||
| 942 |
_cREF _2ddc _h512.7 _iHUR/L _k512.7 _mHUR/L |
||